|
|
|
|
| LEADER |
01084nam a2200241 a 4500 |
| 001 |
1052500 |
| 008 |
901002s1991 caua b 001 0 eng d |
| 010 |
|
|
|a 90020395
|
| 020 |
|
|
|a 155815079X (pbk.)
|
| 020 |
|
|
|a 1558150951 (cloth)
|
| 040 |
|
|
|a DLC
|c DLC
|d DLC
|
| 082 |
0 |
0 |
|a 338.9/009172/4
|2 20
|
| 245 |
0 |
0 |
|a Politics and policy making in developing countries :
|b perspectives on the new political economy /
|c edited by Gerald M. Meier.
|
| 260 |
|
|
|a San Francisco, Calif. :
|b ICS Press,
|c c1991.
|
| 300 |
|
|
|a xii, 369 p. :
|b ill. ;
|c 23 cm.
|
| 500 |
|
|
|a "An International Center for Economic Growth publication."
|
| 504 |
|
|
|a Includes bibliographical references (p. 317-353) and index.
|
| 541 |
1 |
|
|e 00007231
|
| 651 |
|
0 |
|a Developing countries
|x Economic policy.
|
| 700 |
1 |
|
|a Meier, Gerald M.
|
| 852 |
4 |
|
|a Ayesha Abed Library
|j General Shelf.
|
| 999 |
|
|
|c 5105
|d 5105
|
| 952 |
|
|
|0 0
|1 0
|2 ddc
|4 0
|6 338_900917240000000_POL_1991
|7 0
|9 4958
|a BRACUL
|b BRACUL
|c GEN
|d 2009-11-04
|g 0.00
|l 2
|m 18
|o 338.90091724 POL
|p 3010007231
|r 2016-06-12
|s 2016-01-18
|t 1
|w 2009-11-04
|y BK
|x No price found in the accession register.
|